000 01546nam a22004097a 4500
003 CHAP
005 20220329143048.0
008 051123d2004 mx ad r 00110 spa d
010 _a91384
011 _a92356
035 _a102920
040 _cCHAP
090 _aTesis
100 0 0 _aGermán Barrera, Marvin Nuyerev.
_947763
245 1 0 _aEfecto del Agrogel sobre la producción de semilla de tres cultivares de Brachiaria spp. en el Valle de Cocula, Gro.
_c/por Marvin Nuyerev Germán Barrera
260 _aCocula, Gro. :
_bEl autor,
_c2004
300 _a57 h. :
_bilus. ; gráfs. ; cuadros
502 _aTesis (Ing. Agr. Zootecnista) -- Colegio Superior Agropecuario del Estado de Guerrero. Centro de Estudios Profesionales
590 _aALEPH
_b10
_c20130110
_lUCH01
_h1507
590 _aBATCH-UPD
_b10
_c20130110
_lUCH01
_h0234
590 _aBATCH-UPD
_b10
_c20130110
_lUCH01
_h0845
590 _aBATCH-UPD
_b10
_c20130409
_lUCH01
_h2258
590 _aBATCH-UPD
_b10
_c20130913
_lUCH01
_h2247
590 _aCONVERSION
_b10
_c20130109
_lUCH01
_h1351
650 1 4 _aAgua en suelos.
_92428
650 1 4 _aBrachiaria.
_914919
650 1 4 _aHumedad relativa.
_956878
650 1 4 _aPastos
_xGuerrero.
_986045
650 1 4 _aSemillas
_xContenido de humedad.
_9103887
650 1 4 _aSemillas
_xEfecto de la humedad.
_9103896
650 1 4 _aSemillas
_xProducción.
_9103927
650 1 4 _aSuelos
_xHumedad.
_9110391
901 _aBK
905 _aMarco A. Mendoza T.
942 _cTESIS
949 _aTesis
_bBC
_cTES
_d1029201
_eTS1
_gDonaciØn
_h44369
_i102920
_sb
999 _c91384
_d91384